<?xml version="1.0" encoding="UTF-8"?>
<record
    xmlns:xsi="http://www.w3.org/2001/XMLSchema-instance"
    xsi:schemaLocation="http://www.loc.gov/MARC21/slim http://www.loc.gov/standards/marcxml/schema/MARC21slim.xsd"
    xmlns="http://www.loc.gov/MARC21/slim">

  <leader>02339cam a2200541 i 4500</leader>
  <controlfield tag="001">xx004949144</controlfield>
  <controlfield tag="003">NUKAT</controlfield>
  <controlfield tag="005">20260429130318.0</controlfield>
  <controlfield tag="008">200918s2020    pl a   g     |001 0dpol c</controlfield>
  <datafield tag="020" ind1=" " ind2=" ">
    <subfield code="a">9788380989849</subfield>
    <subfield code="q">(oprawa twarda) :</subfield>
    <subfield code="c">z&#x142; 69,00</subfield>
  </datafield>
  <datafield tag="035" ind1=" " ind2=" ">
    <subfield code="a">(OCoLC)1199642235</subfield>
  </datafield>
  <datafield tag="035" ind1=" " ind2=" ">
    <subfield code="a">(NUKAT)xx004949144</subfield>
  </datafield>
  <datafield tag="040" ind1=" " ind2=" ">
    <subfield code="a">KAT U/MB</subfield>
    <subfield code="b">pol</subfield>
    <subfield code="e">rda</subfield>
    <subfield code="c">KAT U/MBs</subfield>
    <subfield code="d">KAT U/DB</subfield>
    <subfield code="d">WR O/PCs</subfield>
    <subfield code="d">WA 14/ABs</subfield>
    <subfield code="d">OLSZT 008/bak</subfield>
  </datafield>
  <datafield tag="045" ind1="0" ind2=" ">
    <subfield code="b">d1920</subfield>
  </datafield>
  <datafield tag="046" ind1=" " ind2=" ">
    <subfield code="k">2020</subfield>
  </datafield>
  <datafield tag="100" ind1="1" ind2=" ">
    <subfield code="a">Odziemkowski, Janusz</subfield>
    <subfield code="d">(1950- ).</subfield>
    <subfield code="e">Autor</subfield>
    <subfield code="9">40878</subfield>
  </datafield>
  <datafield tag="245" ind1="1" ind2="0">
    <subfield code="a">Ostatnia bije godzina... 1920 r. :</subfield>
    <subfield code="b">Armia Ochotnicza gen. J&#xF3;zefa Hallera /</subfield>
    <subfield code="c">Janusz Odziemkowski.</subfield>
  </datafield>
  <datafield tag="260" ind1=" " ind2=" ">
    <subfield code="a">[Warszawa] :</subfield>
    <subfield code="b">Instytut Pami&#x119;ci Narodowej - Komisja &#x15A;cigania Zbrodni przeciwko Narodowi Polskiemu,</subfield>
    <subfield code="c">copyright 2020.</subfield>
  </datafield>
  <datafield tag="300" ind1=" " ind2=" ">
    <subfield code="a">478, [1] strona :</subfield>
    <subfield code="b">ilustracje (w tym kolorowe) ;</subfield>
    <subfield code="c">30 cm.</subfield>
  </datafield>
  <datafield tag="336" ind1=" " ind2=" ">
    <subfield code="a">Tekst</subfield>
    <subfield code="b">txt</subfield>
    <subfield code="2">rdacontent</subfield>
  </datafield>
  <datafield tag="336" ind1=" " ind2=" ">
    <subfield code="a">Obraz</subfield>
    <subfield code="b">sti</subfield>
    <subfield code="2">rdacontent</subfield>
  </datafield>
  <datafield tag="337" ind1=" " ind2=" ">
    <subfield code="a">Bez urz&#x105;dzenia po&#x15B;rednicz&#x105;cego</subfield>
    <subfield code="b">n</subfield>
    <subfield code="2">rdamedia</subfield>
  </datafield>
  <datafield tag="338" ind1=" " ind2=" ">
    <subfield code="a">Wolumin</subfield>
    <subfield code="b">nc</subfield>
    <subfield code="2">rdacarrier</subfield>
  </datafield>
  <datafield tag="380" ind1=" " ind2=" ">
    <subfield code="a">Albumy i ksi&#x105;&#x17C;ki artystyczne</subfield>
  </datafield>
  <datafield tag="380" ind1=" " ind2=" ">
    <subfield code="a">Ksi&#x105;&#x17C;ki</subfield>
  </datafield>
  <datafield tag="388" ind1="1" ind2=" ">
    <subfield code="a">2001-</subfield>
  </datafield>
  <datafield tag="504" ind1=" " ind2=" ">
    <subfield code="a">Bibliografia na stronach 468-473. Indeks.</subfield>
  </datafield>
  <datafield tag="600" ind1="1" ind2="7">
    <subfield code="a">Haller, J&#xF3;zef</subfield>
    <subfield code="d">(1873-1960)</subfield>
    <subfield code="2">DBN</subfield>
    <subfield code="9">40879</subfield>
  </datafield>
  <datafield tag="610" ind1="2" ind2="7">
    <subfield code="a">Armia Ochotnicza (1920)</subfield>
    <subfield code="2">DBN</subfield>
    <subfield code="9">40880</subfield>
  </datafield>
  <datafield tag="610" ind1="1" ind2="7">
    <subfield code="a">Polska.</subfield>
    <subfield code="b">Wojsko Polskie (1918-1939).</subfield>
    <subfield code="b">Armia Ochotnicza</subfield>
    <subfield code="v">wydawnictwa ilustrowane.</subfield>
    <subfield code="2">kaba</subfield>
    <subfield code="9">40881</subfield>
  </datafield>
  <datafield tag="610" ind1="1" ind2="7">
    <subfield code="a">Polska.</subfield>
    <subfield code="b">Wojsko Polskie (1918-1939).</subfield>
    <subfield code="b">Armia Ochotnicza</subfield>
    <subfield code="v">biografie.</subfield>
    <subfield code="2">kaba</subfield>
    <subfield code="9">40882</subfield>
  </datafield>
  <datafield tag="648" ind1=" " ind2="7">
    <subfield code="a">1901-2000</subfield>
    <subfield code="2">DBN</subfield>
    <subfield code="9">34996</subfield>
  </datafield>
  <datafield tag="648" ind1=" " ind2="7">
    <subfield code="a">1918-1939</subfield>
    <subfield code="2">DBN</subfield>
    <subfield code="9">36041</subfield>
  </datafield>
  <datafield tag="650" ind1=" " ind2="7">
    <subfield code="a">Fotografia polska</subfield>
    <subfield code="2">DBN</subfield>
    <subfield code="9">35386</subfield>
  </datafield>
  <datafield tag="650" ind1=" " ind2="7">
    <subfield code="a">Wojna polsko-bolszewicka (1919-1920)</subfield>
    <subfield code="2">DBN</subfield>
    <subfield code="9">35671</subfield>
  </datafield>
  <datafield tag="650" ind1=" " ind2="7">
    <subfield code="a">Warszawa, Bitwa (1920)</subfield>
    <subfield code="v">wydawnictwa ilustrowane.</subfield>
    <subfield code="2">kaba</subfield>
    <subfield code="9">40883</subfield>
  </datafield>
  <datafield tag="650" ind1=" " ind2="7">
    <subfield code="a">Wojna polsko-bolszewicka (1919-1920)</subfield>
    <subfield code="v">wydawnictwa ilustrowane.</subfield>
    <subfield code="2">kaba</subfield>
    <subfield code="9">40885</subfield>
  </datafield>
  <datafield tag="650" ind1=" " ind2="7">
    <subfield code="a">Wojna polsko-bolszewicka (1919-1920)</subfield>
    <subfield code="v">biografie.</subfield>
    <subfield code="2">kaba</subfield>
    <subfield code="9">40884</subfield>
  </datafield>
  <datafield tag="651" ind1=" " ind2="7">
    <subfield code="a">Polska</subfield>
    <subfield code="2">DBN</subfield>
    <subfield code="9">35076</subfield>
  </datafield>
  <datafield tag="655" ind1=" " ind2="7">
    <subfield code="a">Album</subfield>
    <subfield code="2">DBN</subfield>
    <subfield code="9">35390</subfield>
  </datafield>
  <datafield tag="658" ind1=" " ind2=" ">
    <subfield code="a">Bezpiecze&#x144;stwo i wojskowo&#x15B;&#x107;</subfield>
  </datafield>
  <datafield tag="658" ind1=" " ind2=" ">
    <subfield code="a">Historia</subfield>
  </datafield>
  <datafield tag="710" ind1="2" ind2=" ">
    <subfield code="a">Instytut Pami&#x119;ci Narodowej - Komisja &#x15A;cigania Zbrodni przeciwko Narodowi Polskiemu.</subfield>
    <subfield code="e">Wydawca</subfield>
    <subfield code="4">pbl</subfield>
    <subfield code="9">11792</subfield>
  </datafield>
  <datafield tag="920" ind1=" " ind2=" ">
    <subfield code="a">978-83-8098-984-9 (oprawa twarda) : z&#x142; 69,00</subfield>
  </datafield>
  <datafield tag="942" ind1=" " ind2=" ">
    <subfield code="2">ddc</subfield>
    <subfield code="c">BK_NM</subfield>
  </datafield>
  <datafield tag="999" ind1=" " ind2=" ">
    <subfield code="c">27868</subfield>
    <subfield code="d">27868</subfield>
  </datafield>
  <datafield tag="952" ind1=" " ind2=" ">
    <subfield code="0">0</subfield>
    <subfield code="1">0</subfield>
    <subfield code="2">ddc</subfield>
    <subfield code="4">0</subfield>
    <subfield code="7">0</subfield>
    <subfield code="8">K_mag</subfield>
    <subfield code="a">BIP</subfield>
    <subfield code="b">BIP</subfield>
    <subfield code="d">2020-11-30</subfield>
    <subfield code="e">D-36/2020</subfield>
    <subfield code="f">D</subfield>
    <subfield code="g">69.00</subfield>
    <subfield code="i">59971</subfield>
    <subfield code="l">0</subfield>
    <subfield code="o">59971</subfield>
    <subfield code="p">IPWK24075</subfield>
    <subfield code="r">2026-04-29 13:02:31</subfield>
    <subfield code="w">2026-04-29</subfield>
    <subfield code="y">BK_NM</subfield>
  </datafield>
</record>
